LEADER 01180nam 2200397 450 001 9910793401303321 005 20200827104420.0 010 $a88-921795-1-9 010 $a88-921-7951-9 035 $a(CKB)4100000007141265 035 $a(MiAaPQ)EBC5570720 035 $a(EXLCZ)994100000007141265 100 $a20181222d2018 uy 0 101 0 $aita 135 $aurcnu|||||||| 181 $ctxt$2rdacontent 182 $cc$2rdamedia 183 $acr$2rdacarrier 200 12$aL'amministratore di condominio $eresponsabilita? amministrativa, civile e penale /$fSilvio M. Druetto, Roberto Longhin, Enrico More 210 1$aTorino :$cG. Giappichelli Editore,$d[2018] 210 4$d©2018 215 $a1 online resource (ix, 207 pages) 311 $a88-7524-408-1 606 $aCondominium associations 615 0$aCondominium associations. 676 $a333.338 700 $aDruetto$b Silvio M.$0760213 702 $aLonghin$b Roberto 702 $aMore$b Enrico 801 0$bMiAaPQ 801 1$bMiAaPQ 801 2$bMiAaPQ 906 $aBOOK 912 $a9910793401303321 996 $aL'amministratore di condominio$93780380 997 $aUNINA LEADER 01727nas 2200469-a 450 001 9910340281503321 005 20240413023927.0 035 $a(CKB)110978984563699 035 $a(CONSER)---88659691- 035 $a(EXLCZ)99110978984563699 100 $a19871028a19879999 --- a 101 0 $aeng 181 $ctxt$2rdacontent 182 $cc$2rdamedia 183 $acr$2rdacarrier 200 00$aAllen's trademark digest $eATD 210 $a[Arlington, VA] $c[David B. Allen]$d[©1987]- 210 3 $aNew York, NY $cAspen Publishers 215 $a1 online resource 300 $aTitle from caption. 300 $aPublished: Osterville, MA, ; Washington, DC, 300 $a"Monthly digest of unpublished trademark decisions issued by the Patent and Trademark Office." 311 08$aPrint version: Allen's trademark digest : 0899-191X (DLC) 88659691 (OCoLC)16907319 517 3 $aTrademark digest 517 3 $aATD 531 $aALLENS TRADEMARK DIGEST 531 0 $aAllen's trademark dig. 606 $aTrademarks$xLaw and legislation$zUnited States$vDigests 606 $aTrademarks$xLaw and legislation$2fast$3(OCoLC)fst01153903 607 $aUnited States$2fast$1https://id.oclc.org/worldcat/entity/E39PBJtxgQXMWqmjMjjwXRHgrq 608 $aDigests.$2fast 615 0$aTrademarks$xLaw and legislation 615 7$aTrademarks$xLaw and legislation. 676 $a346.7304/88/02648 676 $a347.3648802648 701 $aAllen$b David B$01018146 712 02$aUnited States.$bPatent and Trademark Office. 906 $aJOURNAL 912 $a9910340281503321 920 $aexl_impl conversion 996 $aAllen's trademark digest$92392504 997 $aUNINA